| 000 | 00468nam a2200169Ia 4500 | ||
|---|---|---|---|
| 003 | OSt | ||
| 005 | 20200924125819.0 | ||
| 008 | 190216s9999||||xx |||||||||||||| ||und|| | ||
| 040 | _coclc | ||
| 082 |
_a579.5 _bCHO/T |
||
| 100 |
_aChopra, G L _94946 |
||
| 245 | 0 |
_aA Text Book Of Fungi / _cG L Chopra |
|
| 260 |
_bS Nagin Sales Corporation, _c1990. _aDelhi: |
||
| 300 | _a363p | ||
| 650 | _aBotany | ||
| 942 |
_cBK _2ddc _h579.5 _iCHO/T _k579.5 _mCHO/T |
||
| 999 |
_c1222 _d1222 |
||